UBT Library

Alias the complete first season (Record no. 46791)

000 -LEADER
fixed length control field 00260nam a22001097a 4500
008 - FIXED-LENGTH DATA ELEMENTS--GENERAL INFORMATION
fixed length control field 180803b xxu||||| |||| 00| 0 eng d
082 ## - DEWEY DECIMAL CLASSIFICATION NUMBER
Classification number 813.52
245 ## - TITLE STATEMENT
Title Alias the complete first season
Statement of responsibility, etc NTSC
300 ## - PHYSICAL DESCRIPTION
Extent 6
Type of unit CD
440 ## - SERIES STATEMENT/ADDED ENTRY--TITLE
International Standard Serial Number 786936788228
942 ## - ADDED ENTRY ELEMENTS (KOHA)
Source of classification or shelving scheme
Item type Mixed Materials
Holdings
Withdrawn status Lost status Source of classification or shelving scheme Damaged status Not for loan Collection code Permanent location Current location Shelving location Date acquired Total Checkouts Full call number Barcode Date last seen Price effective from Koha item type
          Koleksioni i përgjithshem UBT - Lipjan UBT - Lipjan Koleksioni i përgjithshem 08/03/2018   813.52 NTS 002-3010252 08/03/2018 08/03/2018 Mixed Materials
UBT Library © 2015-2024. All rights reserved University Education for Business and Technology